000 00496nam a2200193 a 4500
001 1769488318225
003 YourLibrary
005 20260128114521.0
008 260127s2004##################000#0#eng##
020 _a9780521611961
082 0 4 _a304.23
_bDUN
100 1 _aDuncan, James S.,
_eauthor.
245 1 0 _aThe City as Text :
260 _bCambridge University Press,
_c2004.
300 _a248 pages
650 0 _aNature.
942 _cENGLISH
040 _aYourLibrary
_beng
_cYourLibrary
999 _c609301
_d609301